Resultados y lecciones en Ají merkén con alto valor agregado. Proyecto de innovación en Región de La Araucanía, valorización a octubre de 2010
-д хадгалсан:
| Байгууллагын зохиогч: | |
|---|---|
| Формат: | Ном |
| Хэл сонгох: | испани |
| Хэвлэсэн: |
Santiago
FIA
2010
|
| Цуврал: | Experiencias de Innovación para el Emprendimiento Agrario, 79
|
| Нөхцлүүд: | |
| Шошгууд: |
Шошго нэмэх
Шошго байхгүй, Энэхүү баримтыг шошголох эхний хүн болох!
|
MARC
| LEADER | 00000cam a2200000 a 4500 | ||
|---|---|---|---|
| 001 | UCG8843 | ||
| 003 | CL-VaPUC | ||
| 008 | 120106e20100000CL |||||||||||||||||spa|d | ||
| 020 | |a 9789563280968 | ||
| 082 | 0 | 4 | |a 635.643 |b FUN |2 21 |
| 110 | 2 | |a Fundación para la Innovación Agraria |e author |9 560061 | |
| 245 | 1 | 0 | |a Resultados y lecciones en Ají merkén con alto valor agregado. Proyecto de innovación en Región de La Araucanía, valorización a octubre de 2010 |
| 300 | |a 64 p | ||
| 942 | |c BK | ||
| 945 | |d 20120106 00:00:00 |a cmena | ||
| 260 | |a Santiago |b FIA |c 2010 | ||
| 500 | |a Incluye en forma separada Ficha de valorización de resultados | ||
| 650 | 0 | |a Ají |x Cultivo |9 404773 | |
| 650 | 7 | |a MERKEN |2 CL-VaPUC |9 560062 | |
| 650 | 0 | |a Proyectos de inversión |9 261065 | |
| 650 | 0 | |a Producción agrícola |9 353481 | |
| 583 | |a last modification |c 20121108 09:46:58 |k Rodrigo Vera | ||
| 490 | 0 | |a Experiencias de Innovación para el Emprendimiento Agrario, 79 | |
| 999 | |c 346431 |d 346429 | ||
| 952 | |0 0 |1 0 |4 0 |6 635_643000000000000_FUN_2010 |7 0 |8 A |9 447119 |a BIBAGR |b BIBAGR |d 2019-11-22 |i 4833368 |l 1 |o 635.643 FUN 2010 |p 4833368 |r 2025-01-20 |s 2024-05-28 |w 2019-11-22 |y BK |k AGR | ||